Ethnic families in America : patterns and variations /

Bibliographic Details
Other Authors: Mindel, Charles H., Habenstein, Robert Wesley, 1914-, Wright, Roosevelt
Format: Book
Language:English
Published: Upper Saddle River, N.J. : Prentice Hall, [1998]
Edition:4th ed.
Subjects:

MARC

Tag First Indicator Second Indicator Subfields
LEADER 00000cam a2200000 a 4500
001 in00001406550
005 20151020072748.0
008 970523s1998 njua b 001 0 eng
010 |a  97024844  
020 |a 0135313287 
035 |a (OCoLC)37011428 
035 |9 AHQ3492AM 
040 |a DLC  |c DLC  |d MLX  |d TXA  |d UtOrBLW 
043 |a n-us--- 
049 |a TXAM 
050 0 0 |a E184.A1  |b E78 1998 
082 0 0 |a 305.8/00973  |2 21 
245 0 0 |a Ethnic families in America :  |b patterns and variations /  |c edited by Charles H. Mindel, Robert W. Habenstein, Roosevelt Wright, Jr. 
250 |a 4th ed. 
264 1 |a Upper Saddle River, N.J. :  |b Prentice Hall,  |c [1998] 
264 4 |c ©1998 
300 |a x, 518 pages :  |b illustrations ;  |c 23 cm. 
336 |a text  |b txt  |2 rdacontent 
337 |a unmediated  |b n  |2 rdamedia 
338 |a volume  |b nc  |2 rdacarrier 
504 |a Includes bibliographical references and index. 
505 0 |a Setting the stage -- Diversity among America's ethnic minorities -- European ethnic minorities -- Irish-American -- Greek-American -- Italian-American -- Polish-American -- Hispanic ethnic minorities -- Mexican-American -- Cuban-American -- Puerto Rican -- Asian ethnic minorities -- Korean-American -- Vietnamese-American -- Chinese-American -- Japanese-American -- Asian Indian-American -- Historically subjugated ethnic minorities -- African-American -- Native American -- Socioreligious ethnic minorities -- Jewish-American -- Amish -- Mormon. 
650 0 |a Ethnology  |z United States. 
650 0 |a Families  |z United States. 
650 0 |a Minorities  |z United States. 
651 0 |a United States  |x Social conditions  |y 1980- 
700 1 |a Mindel, Charles H. 
700 1 |a Habenstein, Robert Wesley,  |d 1914- 
700 1 |a Wright, Roosevelt. 
948 |a c:ktn 
999 |a MARS 
999 f f |s 4b28276e-30de-3bc7-84f0-0f752ee61112  |i a9e6d6c5-61f6-3743-bcae-544417cd69a1  |t 0 
952 f f |p ric  |a Texas A&M University  |b Rellis Campus  |c Joint Library Facility  |d Remote Storage  |t 0  |e E184.A1 E78 1998  |h Library of Congress classification  |i unmediated -- volume  |m A14827496766 
998 f f |a E184.A1 E78 1998  |t 0  |l Remote Storage